00386nam a2200133 a 45000010010000000030011000100080041000210350026000620820017000881000017001052450065001222600054001876500011002410000-8527ELIB.Books110520 2007  a(ELIB.Books)0000-8672 aM.A.R. bJoh aJohnson, Saw aThe Twenty First Century Mission of Karen Baptist Convention bInsein: Karen Baptist Theological Seminary c2007 aThesis